000
00342nam a2200133Ia 4500
008
160319s9999 xx 000 0 und d
020
_a
8179040887
050
_a
30
050
_b
N599t
245
4
_a
The book of 101 impressive answers /
260
_b
Apple Publishing International Ltd.
260
_c
2004
300
_b
color illustrations :
999
_c
291964
_d
291964